Guess The Fruits Quiz - Statistics

General Stats
  • This quiz has been taken 49 times
  • The average score is 7 of 10
Answer Stats
Clue Answer % Correct
Usually found in pies. Apple
96%
Any fruit than ends with 'berry': Strawberry/Blackberry/Blueberry/Cranberry/Elderberry
93%
Fall from tropical trees: Coconut/Guava/Avocado/Mango/Passion Fruit
82%
Used to make wine. Grapes
80%
Sour and part of the Citrus family: Lemon/Lime
78%
Related to the Apple. Pear
58%
Come from hot countries like Brazil: Banana/Papaya/Guava
56%
Sour and makes your throat itchy: Pineapple/Kiwi
53%
Has a large pit in the middle. Avocado
44%
Sometimes purple and hairy. Plum
33%
No matching quizzes found
Score Distribution
Percent of People with Each Score
Percentile by Number Answered
Your Score History
You have not taken this quiz